| 000 | 00854nam a2200289Ia 4500 | ||
|---|---|---|---|
| 003 | OSt | ||
| 005 | 20260217152458.0 | ||
| 008 | 210210b2013 xxu||||| |||| 00| 0 eng d | ||
| 020 | _a9788192446554 | ||
| 040 | _cAL | ||
| 041 | _aHindi | ||
| 082 | _aH891.309 BHAU | ||
| 100 |
_aBHARTIY (Rachna) _dभारती (रचना) _9255326 |
||
| 245 |
_aUttar adhunikta aur hindi ki lambi kahaniyan _bउत्तर आधुनिकता और हिंदी की लम्बी कहानियाँ |
||
| 260 |
_aKanpur _b- _c2013 |
||
| 300 | _a224 | ||
| 650 |
_aUttar _9255327 |
||
| 650 |
_alambi _9255328 |
||
| 650 |
_aki _9255329 |
||
| 650 |
_akahaniyan _9255330 |
||
| 650 |
_ahindi _9255331 |
||
| 650 |
_aaur _9255332 |
||
| 650 |
_aadhunikta _9255333 |
||
| 690 |
_aHindi Fiction _9255334 |
||
| 906 | _a073341 | ||
| 942 |
_2ddc _cBK |
||
| 999 |
_c123237 _d123237 |
||